000
00231nam a22000977a 4500
003
SGT
245
_a
INTERNATIONAL JOURNAL OF WIRELESS COMMUNICATIONS & NETWORK ING (JAN-DECEMBER)
260
_c
2014
300
_a
216
942
_2
ddc
_c
BK
999
_c
20374
_d
20374